Matt Damon Movies: Multiple Choice - Statistics

General Stats
  • This quiz has been taken 784 times
  • The average score is 11 of 15
Answer Stats
Question Answer % Correct
Which one? The Bourne Identity
100%
Which one? Good Will Hunting
93%
Which one? The Martian
91%
Which one? The Talented Mr. Ripley
89%
Which one? Saving Private Ryan
87%
Which one? Ocean's Thirteen
85%
Which one? The Departed
85%
Which one? We Bought a Zoo
74%
Which one? Elysium
72%
Which one? Invictus
72%
Which one? The Monuments Men
70%
Which one? Dogma
61%
Which one? True Grit
59%
Which one? The Legend of Bagger Vance
54%
Which one? Downsizing
46%
No matching quizzes found
Score Distribution
Percent of People with Each Score
Percentile by Number Answered
Your Score History
You have not taken this quiz